|
|
|
|
| LEADER |
00000cam a2200000 a 4500 |
| 001 |
vtls011990608 |
| 003 |
SK-MaSNL |
| 005 |
20260311122929.0 |
| 008 |
250312s1950 xr f l o000 0 swe |
| 015 |
|
|
|a SNBA1950
|
| 020 |
|
|
|q (brožované)
|
| 035 |
|
|
|a urn:nbn:sk:snk-am00enmh
|
| 035 |
|
|
|a urn:nbn:sk:snk-am3ikv5
|
| 035 |
|
|
|a F5677A8A-3E8A-4DA5-B0B4-79D7AB4B8A25
|
| 040 |
|
|
|a SNK
|b slo
|c SNK
|e AACR2
|
| 041 |
1 |
|
|a swe
|h cze
|
| 043 |
|
|
|a e-cs---
|
| 044 |
|
|
|a xr
|c CZ
|
| 072 |
|
7 |
|a 342
|x Ústavné právo. Správne právo
|2 konspekt
|
| 080 |
|
|
|a 342.4
|2 2011
|
| 080 |
|
|
|a 342
|2 2011
|
| 080 |
|
|
|a (437)
|2 2011
|
| 080 |
|
|
|a (094.5)
|2 2011
|
| 245 |
0 |
0 |
|a Tjeckoslovakiska republikens författning
|b kungjord den 9 juni 1948 som nr 150 i Tjeckoslovakiska republikens lagkodex : denna författning trädde i kraft samma dag som den kungjordes
|c [till svenska av Carl Herald]
|
| 250 |
|
|
|a Första upplagan
|
| 260 |
|
|
|a Prag
|b Tjeckoslovakiens informations-och folkupplysnings ministerium
|c 1950
|
| 300 |
|
|
|a 73 strán
|c 24 cm
|
| 500 |
|
|
|a Pravdepodobne preložené z češtiny
|
| 648 |
|
7 |
|a 1948
|2 SNKPH
|9 282113
|
| 650 |
0 |
7 |
|a ústava
|2 SNKPH
|9 2640
|
| 650 |
0 |
7 |
|a ústavné právo
|2 SNKPH
|9 2256
|
| 651 |
|
7 |
|a Československo
|2 SNKPHgeo
|9 21376
|
| 655 |
|
7 |
|a zákony
|2 SNKPH
|9 70186
|
| 700 |
1 |
|
|a Herald, Carl
|4 trl
|9 364825
|
| 752 |
|
|
|a Česko
|d Praha
|
| 852 |
|
|
|a Slovenská národná knižnica
|
| 958 |
|
|
|a OND
|
| 958 |
|
|
|a RK
|
| 958 |
|
|
|a TL
|
| 958 |
|
|
|a SP
|
| 958 |
|
|
|a OP
|
| 958 |
|
|
|a CZ
|
| 999 |
|
|
|c 609293
|d 611223
|
| 952 |
|
|
|a SNK
|b SNK
|y PREZ
|7 0
|p 17A0847173
|o snkSC 16646
|i snkF 2995/62
|8 5
|0 0
|1 0
|4 0
|d 2020-09-04
|f 1
|l 0
|r 2025-07-18 00:00:00
|w 2026-02-23
|